Pediatric environmental health (Record no. 33410)

MARC details
000 -LEADER
fixed length control field 00697nam a2200193Ia 4500
020 ## - INTERNATIONAL STANDARD BOOK NUMBER
ISBN 9781581101119
050 ## - CALL MARK
Classification number RJ 383 .E89/
100 ## - STATEMENT OF RESPONSIBILITY--MAIN AUTHOR NAME
Personal name Etzel, Ruth A.
245 #0 - TITLE STATEMENT
Title Pediatric environmental health
250 ## - EDITION / VOLUME STATEMENT
Edition / Volume statement 2nd ed.
260 ## - PUBLICATION, DISTRIBUTION, ETC. (IMPRINT)
Place of publication United Kingdom
260 ## - PUBLICATION, DISTRIBUTION, ETC. (IMPRINT)
Name of publisher American Academy of Pediatrics
260 ## - PUBLICATION, DISTRIBUTION, ETC. (IMPRINT)
Year of publication 2003
300 ## - PHYSICAL DESCRIPTION
Number of Pages 720 p
650 ## - SUBJECT ADDED ENTRY--TOPICAL TERM
Topical Term Environmentally induced diseases in children--Handbooks, manuals, etc. Pediatric toxicology--Handbooks, manuals, etc. Children and the environment--Handbooks, manuals, etc. Children--Diseases--Environmental aspects--Handbooks, manuals, etc.
942 ## - ADDED ENTRY ELEMENTS (KOHA)
Koha item type Books
Holdings
Withdrawn status Lost status Source of classification or shelving scheme Damaged status Not for loan Permanent Location Current Location Date acquired Accession Number Price effective from Koha item type
    Library of Congress Classification     NILE UNIVERSITY OF NIGERIA - MAIN LIBRARY NILE UNIVERSITY OF NIGERIA - MAIN LIBRARY 04/23/2025 0194512 04/23/2025 Books